Hilfsbuch zu den Belehrungen über wirtschaftliche und gesellschaftliche Fragen im Unterricht auf der Oberstufe

Na minha lista:
Detalhes bibliográficos
Formato: Livro
Idioma:alemão
Publicado em: Leipzig B. G. Teubner 1896
Tags: Adicionar Tag
Sem tags, seja o primeiro a adicionar uma tag!

MARC

LEADER 00000nam a2200000 4500
001 0306949
005 20250211114031.8
041 0 |a ger 
044 |a DE 
245 1 0 |a Hilfsbuch zu den Belehrungen über wirtschaftliche und gesellschaftliche Fragen im Unterricht auf der Oberstufe  |c Karl Schenk 
264 1 |a Leipzig  |b B. G. Teubner  |c 1896